<?xml version="1.0" encoding="UTF-8"?>
<record
    xmlns:xsi="http://www.w3.org/2001/XMLSchema-instance"
    xsi:schemaLocation="http://www.loc.gov/MARC21/slim http://www.loc.gov/standards/marcxml/schema/MARC21slim.xsd"
    xmlns="http://www.loc.gov/MARC21/slim">

  <leader>02904njm a2200685 i 4500</leader>
  <controlfield tag="001">34981</controlfield>
  <controlfield tag="003">KOSZ 005</controlfield>
  <controlfield tag="005">20220822090112.0</controlfield>
  <controlfield tag="007">sd fsngnnmmned</controlfield>
  <controlfield tag="008">061010s2005    pl munn  i    000 0     d</controlfield>
  <datafield tag="020" ind1=" " ind2=" ">
    <subfield code="a">8360004323</subfield>
  </datafield>
  <datafield tag="020" ind1=" " ind2=" ">
    <subfield code="a">8360004064</subfield>
  </datafield>
  <datafield tag="040" ind1=" " ind2=" ">
    <subfield code="c">KOSZ 005</subfield>
    <subfield code="a">KOSZ 005</subfield>
    <subfield code="d">KOSZ 005/AR</subfield>
  </datafield>
  <datafield tag="041" ind1=" " ind2=" ">
    <subfield code="a">pol</subfield>
  </datafield>
  <datafield tag="046" ind1=" " ind2=" ">
    <subfield code="k">2005</subfield>
  </datafield>
  <datafield tag="080" ind1=" " ind2=" ">
    <subfield code="a">783(430)</subfield>
  </datafield>
  <datafield tag="080" ind1=" " ind2=" ">
    <subfield code="a">(086.7)</subfield>
  </datafield>
  <datafield tag="100" ind1="1" ind2=" ">
    <subfield code="a">H&#xE4;ndel, Georg Friedrich</subfield>
    <subfield code="d">(1685-1759)</subfield>
    <subfield code="e">Kompozytor</subfield>
  </datafield>
  <datafield tag="245" ind1="1" ind2="0">
    <subfield code="a">H&#xE4;ndel /</subfield>
    <subfield code="c">Georg Friedrich H&#xE4;ndel.</subfield>
  </datafield>
  <datafield tag="260" ind1=" " ind2=" ">
    <subfield code="a">Warszawa :</subfield>
    <subfield code="b">Mediasat Poland,</subfield>
    <subfield code="c">2005.</subfield>
  </datafield>
  <datafield tag="300" ind1=" " ind2=" ">
    <subfield code="a">1 p&#x142;yta CD (54 min 12 s) :</subfield>
    <subfield code="b">zapis cyfrowy, stereo ;</subfield>
    <subfield code="c">12 cm +</subfield>
    <subfield code="e">1 dodatek : 43 strony : ilustracje ; 13 cm x 14 cm.</subfield>
  </datafield>
  <datafield tag="336" ind1=" " ind2=" ">
    <subfield code="2">rdacontent</subfield>
    <subfield code="a">Nagranie muzyczne</subfield>
    <subfield code="b">prm</subfield>
  </datafield>
  <datafield tag="336" ind1=" " ind2=" ">
    <subfield code="2">rdacontent</subfield>
    <subfield code="3">Dodatek</subfield>
    <subfield code="a">Tekst</subfield>
    <subfield code="b">txt</subfield>
  </datafield>
  <datafield tag="337" ind1=" " ind2=" ">
    <subfield code="2">rdamedia</subfield>
    <subfield code="a">Audio</subfield>
    <subfield code="b">s</subfield>
  </datafield>
  <datafield tag="337" ind1=" " ind2=" ">
    <subfield code="2">rdamedia</subfield>
    <subfield code="a">Komputer</subfield>
    <subfield code="b">c</subfield>
  </datafield>
  <datafield tag="337" ind1=" " ind2=" ">
    <subfield code="2">rdamedia</subfield>
    <subfield code="3">Dodatek</subfield>
    <subfield code="a">Bez urz&#x105;dzenia po&#x15B;rednicz&#x105;cego</subfield>
    <subfield code="b">n</subfield>
  </datafield>
  <datafield tag="338" ind1=" " ind2=" ">
    <subfield code="2">rdacarrier</subfield>
    <subfield code="a">P&#x142;yta audio</subfield>
    <subfield code="b">d</subfield>
  </datafield>
  <datafield tag="338" ind1=" " ind2=" ">
    <subfield code="2">rdacarrier</subfield>
    <subfield code="3">Dodatek</subfield>
    <subfield code="a">Wolumin</subfield>
    <subfield code="b">c</subfield>
  </datafield>
  <datafield tag="380" ind1=" " ind2=" ">
    <subfield code="a">Muzyka</subfield>
  </datafield>
  <datafield tag="388" ind1=" " ind2=" ">
    <subfield code="a">1701-1800</subfield>
  </datafield>
  <datafield tag="490" ind1="1" ind2=" ">
    <subfield code="a">Biblioteka Gazety Wyborczej. Wielcy Kompozytorzy ;</subfield>
    <subfield code="v">26</subfield>
  </datafield>
  <datafield tag="500" ind1=" " ind2=" ">
    <subfield code="a">Tekst komentarza: Piotr Rostwo-Suski.</subfield>
  </datafield>
  <datafield tag="500" ind1=" " ind2=" ">
    <subfield code="a">Wykonanie: Ch&#xF3;r Bachowski ze Sztokholmu / Drottningholms Baroque Ensemble: Anne Sofie von Otter, alt ; Hillevi Martinpelto, sopran ; Andres &#xD6;hrwall, dyrygent ; London Baroque ; Emma Kirkby, sopran.</subfield>
  </datafield>
  <datafield tag="500" ind1=" " ind2=" ">
    <subfield code="a">Nagranie: Ko&#x15B;ci&#xF3;&#x142; Adolfa Fredericka, Sztokholm, stycze&#x144; 1986, Ko&#x15B;ci&#xF3;&#x142; &#x15B;w. Marcina, East Woodhay, Anglia, wrzesie&#x144; 1999.</subfield>
  </datafield>
  <datafield tag="505" ind1=" " ind2=" ">
    <subfield code="a">Dixit Dominus (Psalm 110), Laudate pueri (Psalm 112).</subfield>
  </datafield>
  <datafield tag="600" ind1="1" ind2="7">
    <subfield code="a">H&#xE4;ndel, Georg Friedrich</subfield>
    <subfield code="d">(1685-1759)</subfield>
  </datafield>
  <datafield tag="630" ind1=" " ind2="7">
    <subfield code="a">Dixit Dominus (utw&#xF3;r muzyczny)</subfield>
  </datafield>
  <datafield tag="630" ind1=" " ind2="7">
    <subfield code="a">Laudate pueri (utw&#xF3;r muzyczny)</subfield>
  </datafield>
  <datafield tag="648" ind1=" " ind2=" ">
    <subfield code="a">1701-1800</subfield>
  </datafield>
  <datafield tag="650" ind1=" " ind2="9">
    <subfield code="a">Kompozytorzy niemieccy</subfield>
  </datafield>
  <datafield tag="655" ind1=" " ind2="7">
    <subfield code="a">Dokumenty d&#x17A;wi&#x119;kowe</subfield>
  </datafield>
  <datafield tag="655" ind1=" " ind2="7">
    <subfield code="a">Motet</subfield>
  </datafield>
  <datafield tag="655" ind1=" " ind2="7">
    <subfield code="a">Muzyka ch&#xF3;ralna</subfield>
  </datafield>
  <datafield tag="655" ind1=" " ind2="7">
    <subfield code="a">Muzyka na g&#x142;os wysoki i zesp&#xF3;&#x142; instrumentalny</subfield>
  </datafield>
  <datafield tag="655" ind1=" " ind2="7">
    <subfield code="a">Muzyka na g&#x142;osy solowe, ch&#xF3;r mieszany i zesp&#xF3;&#x142; instrumentalny</subfield>
  </datafield>
  <datafield tag="655" ind1=" " ind2="7">
    <subfield code="a">Muzyka religijna</subfield>
  </datafield>
  <datafield tag="655" ind1=" " ind2="7">
    <subfield code="a">Muzyka powa&#x17C;na</subfield>
  </datafield>
  <datafield tag="655" ind1=" " ind2="7">
    <subfield code="a">Muzyka wokalna</subfield>
  </datafield>
  <datafield tag="655" ind1=" " ind2="7">
    <subfield code="a">Psalmy (utw&#xF3;r muzyczny)</subfield>
  </datafield>
  <datafield tag="700" ind1="1" ind2=" ">
    <subfield code="a">Rostwo-Suski, Piotr</subfield>
    <subfield code="e">Tekst</subfield>
  </datafield>
  <datafield tag="700" ind1="1" ind2=" ">
    <subfield code="a">Otter, Anne Sofie von</subfield>
    <subfield code="e">Wykonanie</subfield>
    <subfield code="d">(1955- )</subfield>
  </datafield>
  <datafield tag="700" ind1="1" ind2=" ">
    <subfield code="a">Kirkby, Emma</subfield>
    <subfield code="e">Wykonanie</subfield>
    <subfield code="d">(1949- )</subfield>
  </datafield>
  <datafield tag="700" ind1="1" ind2=" ">
    <subfield code="a">Martinpelto, Hillevi</subfield>
    <subfield code="e">Wykonanie</subfield>
    <subfield code="d">(1958- )</subfield>
  </datafield>
  <datafield tag="700" ind1="1" ind2=" ">
    <subfield code="a">&#xD6;hrwall, Anders</subfield>
    <subfield code="e">Dyrygent</subfield>
  </datafield>
  <datafield tag="710" ind1=" " ind2="2">
    <subfield code="a">Drottningholms Barockensemble</subfield>
    <subfield code="e">Wykonanie</subfield>
  </datafield>
  <datafield tag="710" ind1=" " ind2="2">
    <subfield code="a">London Baroque (zesp&#xF3;&#x142; muzyczny) </subfield>
    <subfield code="e">Wykonanie</subfield>
  </datafield>
  <datafield tag="710" ind1=" " ind2="2">
    <subfield code="a">Mediasat Poland</subfield>
    <subfield code="e">Wydawca</subfield>
  </datafield>
  <datafield tag="830" ind1=" " ind2="0">
    <subfield code="a">Biblioteka Gazety Wyborczej.</subfield>
    <subfield code="p">Wielcy Kompozytorzy</subfield>
    <subfield code="v">26</subfield>
  </datafield>
  <datafield tag="942" ind1=" " ind2=" ">
    <subfield code="c">CD</subfield>
    <subfield code="2">UKD</subfield>
  </datafield>
  <datafield tag="999" ind1=" " ind2=" ">
    <subfield code="c">34981</subfield>
    <subfield code="d">34981</subfield>
  </datafield>
  <datafield tag="952" ind1=" " ind2=" ">
    <subfield code="0">0</subfield>
    <subfield code="1">0</subfield>
    <subfield code="4">0</subfield>
    <subfield code="7">1</subfield>
    <subfield code="a">BPK</subfield>
    <subfield code="b">BPK</subfield>
    <subfield code="c">c</subfield>
    <subfield code="g">14.90</subfield>
    <subfield code="o">CD 1353</subfield>
    <subfield code="p">00336239</subfield>
    <subfield code="t">0/9(0.034.2) De</subfield>
    <subfield code="y">CD</subfield>
  </datafield>
</record>
